| Поле | Инд. | ПП | Название | Значение |
|---|---|---|---|---|
| Тип записи | a | |||
| Библиографический уровень | a | |||
| 001 | Контрольный номер | 2be5fc50126c4fd9a94faf8d17a089ea | ||
| 005 | Дата корректировки | 20181128155946.8 | ||
| 100 | a | Данные общей обработки | 20181128 ||| 0rusy0189 ca | |
| 101 | 0_ | a | Язык текста | rus |
| 102 | a | Страна публикации | RU | |
| 200 | 1_ | f | Первые сведения об ответственности | А.О. Осипов |
| a | Заглавие | О разграничении оговорки о публичном порядке и схожего основания для отказа в выдаче экзекватуры на решения иностранных судов в арбитражном процессе | ||
| b | Общее обозначение материала | Текст | ||
| 210 | 1_ | d | Дата издания | 2017 |
| 461 | _0 | 1 | 2000 | |
| a | Арбитражный и гражданский процесс | |||
| 463 | _0 | 1 | 2000 | |
| a | № 10 | |||
| v | С. 33-37 | |||
| 1 | 2101 | |||
| d | 2017 | |||
| 1 | 00184ce46371e4e45c0966f990f93309dfc | |||
| 606 | a | Основная рубрика | Гражданское процессуальное право | |
| 610 | 0_ | a | Ключевые слова | МЕЖДУНАРОДНОЕ И НАЦИОНАЛЬНОЕ ПРАВО |
| a | Ключевые слова | АРБИТРАЖНЫЙ ПРОЦЕСС | ||
| a | Ключевые слова | ИНОСТРАННЫЕ СУДЕБНЫЕ РЕШЕНИЯ ПРИЗНАНИЕ ИСПОЛНЕНИЕ | ||
| 700 | _1 | a | Фамилия | Осипов |
| b | Имя | А.О. | ||
| 801 | _0 | a | Страна | RU |
| b | Организация | РГУП | ||
| c | Дата составления | 20181128 | ||
| g | Правила каталогизации | PSBO | ||
| 801 | _1 | a | Страна | RU |
| b | Организация | РГУП | ||
| c | Дата составления | 20181128 | ||
| g | Правила каталогизации | PSBO | ||
| 901 | t | Тип документа | b | |
| w | Контрольный № источника | 84ce46371e4e45c0966f990f93309dfc | ||
| 905 | a | Дата ввода | 20181128 |